书目信息 |
| 题名: |
职业健康安全管理体系的理论与实践
|
|
| 作者: | 徐德蜀 , 陈百年 , 苗金明 , 王旻 编著 | |
| 分册: | ||
| 出版信息: | 北京 化学工业出版社 2005.01 |
|
| 页数: | 212页 | |
| 开本: | 23cm | |
| 丛书名: | 安全健康新知丛书 | |
| 单 册: | ||
| 中图分类: | X92 | |
| 科图分类: | ||
| 主题词: | 劳动卫生--lao dong wei sheng--卫生管理--体系 , 劳动保护--lao dong bao hu--劳动管理--体系 | |
| 电子资源: | ||
| ISBN: | 7-5025-6181-1 | |
| 000 | 01267nam 2200325 450 | |
| 001 | 012006085469 | |
| 005 | 20060906110933.56 | |
| 010 | @a7-5025-6181-1@dCNY28.00 | |
| 100 | @a20060611d2005 km y0chiy0120 ea | |
| 101 | 0 | @achi |
| 102 | @aCN@b110000 | |
| 105 | @aa a 000yy | |
| 200 | 1 | @a职业健康安全管理体系的理论与实践@Azhi ye jian kang an quan guan li ti xi de li lun yu shi jian@f苗金明 … [等] 编著@Fmiao jin ming…[deng]bian zhu |
| 210 | @a北京@c化学工业出版社@d2005.01 | |
| 215 | @a212页@c图@d23cm | |
| 225 | 2 | @a安全健康新知丛书@Aan quan jian kang xin zhi cong shu |
| 304 | @a本书责任者还有:徐德蜀、陈百年、王旻编著。 | |
| 320 | @a有书目 (第212页)。 | |
| 330 | @a本书共分12章,全面系统地介绍了职业健康安全管理体系的背景知识、基础理论、体系标准要求与理解,职业健康安全管理体系的建立、文件的编写、手册的编写等。 | |
| 333 | @a企业安全管理人员。 | |
| 410 | 0 | @12001 @a安全健康新知丛书 |
| 606 | 0 | @a劳动卫生@Alao dong wei sheng@x卫生管理@x体系 |
| 606 | 0 | @a劳动保护@Alao dong bao hu@x劳动管理@x体系 |
| 690 | @aX92@v4 | |
| 701 | 0 | @a徐德蜀@Axu de shu@4编著 |
| 701 | 0 | @a陈百年@Achen bai nian@4编著 |
| 701 | 0 | @a苗金明@Amiao jin ming@4编著 |
| 701 | 0 | @a王旻@Awang min@4编著 |
| 801 | 0 | @aCN@bQSSK@c20060906 |
| 905 | @a10447@dX92@eM727 | |
| 职业健康安全管理体系的理论与实践/苗金明 … [等] 编著.-北京:化学工业出版社,2005.01 |
| 212页:图;23cm.-(安全健康新知丛书) |
| 使用对象:企业安全管理人员。 |
| ISBN 7-5025-6181-1:CNY28.00 |
| 本书共分12章,全面系统地介绍了职业健康安全管理体系的背景知识、基础理论、体系标准要求与理解,职业健康安全管理体系的建立、文件的编写、手册的编写等。 |
| ● |
| 相关链接 |
|
|
|
正题名:职业健康安全管理体系的理论与实践
索取号:X92/M727
 
预约/预借
| 序号 | 登录号 | 条形码 | 馆藏地/架位号 | 状态 | 备注 |
| 1 | 583964 | 205839645 | 自科库501/501自科库 119排2列2层/ [索取号:X92/M727] | 在馆 | |
| 2 | 583965 | 205839654 | 自科二线400A/400A自科库 27排3列5层/ [索取号:X92/M727] | 在馆 | |
| 3 | 583966 | 205839663 | 自科二线400A/400A自科库 26排1列5层/ [索取号:X92/M727] | 在馆 |